| 000 | 00520nam a22001577a 4500 | ||
|---|---|---|---|
| 020 | _qHard Cover. | ||
| 082 | _a620.005 | ||
| 100 | _aAhmed, Farhan | ||
| 245 |
_aStrategic planning modeling for new engineering product development / _cFarhan Ahmed |
||
| 260 |
_aIslamabad : _bCEME - NUST, _c2012. |
||
| 300 |
_aviii, 85 p. : ill. ; _c30cm. |
||
| 650 |
_aEngineering Management-MS-Thesis _916065 |
||
| 700 |
_aDr. Syed Athar Masood. _929301 |
||
| 942 |
_2ddc _cTHE |
||
| 999 |
_c540658 _d540658 |
||